000 00488nam a22001817a 4500
003 OSt
005 20260309162140.0
008 260309b |||||||| |||| 00| 0 eng d
020 _a9781035038237
082 _a006.3
_bOLSS
100 _aOlson, Parmy
245 _aSupremacy : AI, ChatGPT and the race that will change the world
260 _aLondon
_bMacmillan
_c2024
300 _a320p
546 _aEnglish
650 _aComputer Science : Artificial International
942 _2ddc
_cBK
999 _c3961
_d3961